Normal view
MARC view
- Modern western and other noneastern philosophy
Entry Topical Term
001 - CONTROL NUMBER
- control field: 26184
003 - CONTROL NUMBER IDENTIFIER
- control field: IN-BhIIT
005 - DATE AND TIME OF LATEST TRANSACTION
- control field: 20250715121202.0
008 - FIXED-LENGTH DATA ELEMENTS
- fixed length control field: 250715|| aca||aabn | a|a d
040 ## - CATALOGING SOURCE
- Original cataloging agency: IN-BhIIT
- Transcribing agency: IN-BhIIT
150 ## - HEADING--TOPICAL TERM
- Topical term or geographic name entry element: Modern western and other noneastern philosophy
670 ## - SOURCE DATA FOUND
- Source citation: Work cat.: (IN-BhIIT)14628: The routledge companion to twentieth century philosophy /, 2008.